00517nam a2200085Ia 4500008004100000245005100041300027300092650001300365856005300378170517s9999 xx 000 0 und d 4aThe Story of Science: Power, Proof and Passion aFor thousands of years we have wrestled with the great questions of existence. Who are we? What is the world made of? How did we get here? The quest to answer these is the story of science. Each week, medical journalist Michael Mosley traces the often unpredictable... xScience. uhttp://topdocumentaryfilms.com/story-of-science/